00652nam a22002057a 4500003001100000005001700011008004100028040003900069041000800108082001600116100001900132245007200151260003400223300001800257650003700275700002100312942000700333952009100340999001500431LK-CoMWRAF20240104222834.0240104b |||||||| |||| 00| 0 eng d aLK-CoMWRAFdLK-CoMWRAFeLK-CoMWRAF aeng a305.42bNAY aNayak, Nalini  aWomen, trade, ecology and development : bthe context in South Asia aNew Delhi:bSangat, c[2006?] a15 p. ; 18 cm aWomen in development -South Asia a Rao, V. Rukmini cBK 00104070aMAINbMAINd2024-01-04l0o305.42 NAYpRAF4663r2024-01-04w2024-01-04yBK c4583d4583